-CH Vocabulary Words - Statistics

General Stats
  • This quiz has been taken 395 times
  • The average score is 12 of 20
Answer Stats
hint word % Correct
place to worship church
98%
where sand meets the sea beach
84%
to look for search
83%
a lot much
80%
dogs do these with thrown sticks fetch
79%
where parrots sit perch
69%
Academy award winner The King's ____ speech
69%
manual cars have one clutch
68%
food named after an Earl sandwich
65%
the verb sees, the noun tells the time watch
65%
salad dressing (2) ranch
63%
tree variety; homonym of beach beech
57%
tape, or an alcoholic drink Scotch
52%
you see even more of these at the baseball pitch
51%
you see many of these at the baseball catch
47%
Mao was famous for a long one in 1935 march
45%
eight Henries were these monarch
42%
move towards approach
39%
salad dressing (1) French
36%
war fortification trench
34%
No matching quizzes found
Score Distribution
Percent of People with Each Score
Percentile by Number Answered
Your Score History
You have not taken this quiz